quiz team rocket league - Statistics

General Stats
  • This quiz has been taken 26 times
  • The average score is 18 of 31
Answer Stats
Picture Answer % Correct
NRG
100%
Karmine corp
84%
Dignitas
80%
Gen.G
76%
OG
76%
Spacestation Gaming
76%
M80
72%
Furia
68%
Gentle mates
68%
PWR
68%
Team Vitality
68%
Endpoint
60%
Luminosity
60%
Team BDS
60%
Team Falcons
60%
Team Secret
60%
TSM
60%
Moist Esports
56%
Solary
56%
Complexity
52%
G2 Esports
52%
KRU
52%
Oxygen Esports
44%
Rule One
44%
NIP
40%
Elevate
36%
Limitless
36%
Rebellion
36%
Ground Zero Gaming
28%
Resolve
24%
KC Pioneers
16%
No matching quizzes found
Score Distribution
Percent of People with Each Score
Percentile by Number Answered
Your Score History
You have not taken this quiz